| 000 | 01673cam a2200289 4500500 | ||
|---|---|---|---|
| 005 | 20260111104103.0 | ||
| 041 | _afre | ||
| 042 | _adc | ||
| 100 | 1 | 0 |
_aBampély, Michel _eauthor |
| 245 | 0 | 0 | _aMigrations et genèse du mouvement hip-hop en France |
| 260 | _c2025. | ||
| 500 | _a18 | ||
| 520 | _aCet article retrace l’influence des migrations sur les prémices de la culture hip-hop en France au début des années 1980. Il met en lumière la diffusion des pratiques artistiques afro-américaines, tout en soulignant l’américanophilie présente dans certains milieux intellectuels français. Il s’attarde également sur les pionniers du hip-hop originaires d’Afrique subsaharienne vivant en France ainsi que sur les jeunes Antillais dont les parents ont migré vers la métropole, contribuant ainsi à l’émergence de ce mouvement culturel. Enfin, l’article montre comment les populations maghrébines issues des quartiers populaires se sont réappropriées cette culture urbaine en s’identifiant aux Noirs américains en raison d’expériences communes de marginalisation, participant à l’élaboration d’une identité artistique cosmopolite en France. | ||
| 690 | _aAfrique subsaharienne | ||
| 690 | _aapport culturel | ||
| 690 | _aart | ||
| 690 | _aCaraïbes | ||
| 690 | _adanse | ||
| 690 | _aÉtats-Unis | ||
| 690 | _aFrance | ||
| 690 | _ahip-hop | ||
| 690 | _aidentité culturelle | ||
| 690 | _aMaghreb | ||
| 690 | _amusique | ||
| 786 | 0 | _nMigrations Société | 202 | 4 | 2025-12-16 | p. 115-132 | 0995-7367 | |
| 856 | 4 | 1 | _uhttps://shs.cairn.info/revue-migrations-societe-2025-4-page-115?lang=fr&redirect-ssocas=7080 |
| 999 |
_c1630820 _d1630820 |
||